[Event "4NCL"]
[Site "Birmingham ENG"]
[Date "2000.03.26"]
[Round "8"]
[White "Pert,R"]
[Black "Gormally,D"]
[Result "0-1"]
[WhiteElo "2298"]
[BlackElo "2504"]

1.e4 d6 2.d4 Nf6 3.Nc3 c6 4.Nf3 Bg4 5.h3 Bh5 6.Qe2 e6 7.g4 Bg6 8.g5 Nfd7
9.Nh4 d5 10.exd5 cxd5 11.Nxg6 hxg6 12.Nxd5 Nc6 13.c3 Qa5 14.Nf4 Nxd4 15.Qe4 Nc6
16.Be3 Rh4 17.Be2 O-O-O 18.Bg4 Nde5 19.Ng2 Rh8 20.Be2 Nd7 21.Qc4 Ne5 22.Qe4 Ba3
23.b4 Qd5 24.Qxd5 exd5 25.Rb1 d4 26.Rb3 dxe3 27.Rxa3 exf2+ 28.Kxf2 Rd2 29.b5 Re8
30.bxc6 Nc4 31.cxb7+ Kb8 32.Ra4 Rexe2+ 33.Kf1 Rf2+ 34.Ke1 Rde2+ 35.Kd1 Nb2+  0-1

[Event "21st Open A"]
[Site "Bled SLO"]
[Date "2000.04.02"]
[Round "9"]
[White "Grosar,K"]
[Black "Kamaryt,T"]
[Result "1-0"]
[WhiteElo "2211"]
[BlackElo "2155"]

1.e4 c6 2.d4 d6 3.Nc3 Nf6 4.Bg5 Qa5 5.Qd2 Nbd7 6.f4 e5 7.Nf3 Be7 8.O-O-O O-O
9.Kb1 Bd8 10.h3 Re8 11.dxe5 dxe5 12.f5 b5 13.Bxf6 gxf6 14.g4 b4 15.Ne2 Nc5
16.Ng3 Na4 17.Bc4 Nc3+ 18.bxc3 bxc3 19.Qc1 Qb4+ 20.Bb3 c5 21.g5 c4 22.gxf6  1-0

[Event "ch-LTU"]
[Site "Vilnius LTU"]
[Date "2000.04.02"]
[Round "9"]
[White "Piesina,G"]
[Black "Slapikas,V"]
[Result "0-1"]
[WhiteElo "2398"]
[BlackElo "2423"]

1.d4 d6 2.e4 Nf6 3.Nc3 c6 4.f4 Qa5 5.Bd3 Bg4 6.Ne2 e5 7.Be3 Nbd7 8.O-O Be7
9.h3 Bh5 10.Qe1 Bxe2 11.Qxe2 O-O 12.a3 a6 13.Kh1 Rae8 14.g4 Kh8 15.dxe5 dxe5
16.g5 Ng8 17.f5 Qd8 18.Qh5 Bc5 19.Rae1 Bxe3 20.Rxe3 b5 21.h4 Qe7 22.Rg3 Rd8
23.Nd1 f6 24.Rfg1 Nc5 25.Nf2 Rd7 26.b4 Na4 27.Ng4 Qe8 28.g6 h6 29.Ne3 Qe7
30.Qe2 Rfd8 31.Rc1 a5 32.Qe1 axb4 33.axb4 Nb2 34.Bf1 Rd4 35.Bg2 Na4 36.c3 R4d6
37.c4 Nb2 38.Bf1 bxc4 39.Bxc4 Rd4 40.b5 Rxe4 41.bxc6 Nxc4 42.Rxc4 Rxc4 43.Nxc4 Qc5
44.Na5 Ra8 45.Qc3 Qd5+ 46.Kg1 Rxa5 47.Rd3 Qb5 48.c7 Qb6+ 49.Kh1 Rc5 50.c8=Q Rxc8
51.Qxc8 Qb1+ 52.Kg2 Qxd3 53.h5 Qe2+ 54.Kg3 Qxh5 55.Kf2 Qg4  0-1

[Event "Frisco Masters"]
[Site "San Francisco USA"]
[Date "2000.04.03"]
[Round "6"]
[White "Yermolinsky,A"]
[Black "Acosta,M USA"]
[Result "1-0"]
[WhiteElo "2601"]
[BlackElo "2066"]

1.d4 d6 2.e4 Nf6 3.Nc3 c6 4.f4 Bg4 5.Nf3 Qa5 6.Bd3 e5 7.Be3 exf4 8.Bxf4 Nbd7
9.O-O O-O-O 10.Qd2 Bxf3 11.Rxf3 Qb4 12.Bf1 c5 13.Rd3 c4 14.Rh3 Nb6 15.a3 Qa5
16.b4 Qa6 17.d5 Nbd7 18.Be3 Ne5 19.a4 b6 20.Nb5 Kb8 21.Qd4 Rc8 22.Nxa7 Nfd7
23.Nc6+ Rxc6 24.dxc6 Nxc6 25.Qxc4 Qxc4 26.Bxc4 Nxb4 27.Rb1 Kc7 28.Bxf7 Nc6
29.Bd5 Be7 30.Bxb6+  1-0

[Event "Open"]
[Site "Bad Wildbad GER"]
[Date "2000.04.07"]
[Round "9"]
[White "Senff,M"]
[Black "Cordts,I"]
[Result "1-0"]
[WhiteElo "2349"]
[BlackElo "2182"]

1.e4 d6 2.d4 Nf6 3.Nc3 c6 4.Nf3 Bg4 5.h3 Bh5 6.Be3 e6 7.Bd3 d5 8.e5 Nfd7
9.Ne2 c5 10.c3 Nc6 11.O-O Bxf3 12.gxf3 Qh4 13.Kh2 g5 14.Rg1 f5 15.Rxg5 O-O-O
16.Rg3 Be7 17.Qd2 cxd4 18.cxd4 Bb4 19.Qc2 Be7 20.Nf4 Nf8 21.Nxe6 Nxe6 22.Bxf5 Kb8
23.Bxe6 Nxd4 24.Bxd4 Qxd4 25.Re1 Qf4 26.Kg2 d4 27.Qd3 Bb4 28.Re4 Qd2 29.f4 Qxb2
30.f5 Bc5 31.f6 Rhf8 32.Rf3 Qc1 33.Rg3 Bb6 34.Bg4 Qc5 35.Rf3 Rde8 36.Rf5 Qc6
37.Bf3 Qe6 38.Rg4 Rc8 39.Rg7 Rf7 40.Rfg5 Rcf8 41.Rxf7 Qxf7 42.Rg7 Rg8 43.Qxh7  1-0

[Event "Estonian Club Cup 2nd leg"]
[Site "Tallinn EST"]
[Date "2000.04.07"]
[Round "?"]
[White "Krupenski,I"]
[Black "Remmel,A"]
[Result "1/2-1/2"]
[WhiteElo "2151"]
[BlackElo "2241"]

1.e4 d6 2.d4 Nf6 3.Nc3 c6 4.Nf3 g6 5.Bc4 Bg7 6.O-O b5 7.Bd3 Qc7 8.h3 Nbd7
9.Re1 e5 10.Bg5 O-O 11.Qd2 Bb7 12.Bh6 a6 13.Bxg7 Kxg7 14.Bf1 c5 15.dxe5 dxe5
16.Nd5 Bxd5 17.exd5 Qd6 18.Rad1 Rfe8 19.b3 e4 20.Nh2 Re5 21.c4 b4 22.g3 a5
23.Bg2  1/2-1/2

[Event "FSGM April"]
[Site "Budapest HUN"]
[Date "2000.04.09"]
[Round "9"]
[White "Kallio,H"]
[Black "Varga,Zo"]
[Result "1-0"]
[WhiteElo "2452"]
[BlackElo "2530"]

1.e4 d6 2.d4 Nf6 3.Nc3 e5 4.Nf3 Nbd7 5.Be2 Be7 6.O-O O-O 7.Re1 c6 8.a4 b6
9.d5 cxd5 10.exd5 Bb7 11.b4 Rc8 12.Bb2 a6 13.Nd2 Rxc3 14.Bxc3 Nxd5 15.Ne4 Nxc3
16.Nxc3 Nf6 17.Bf3 d5 18.Rxe5 Bxb4 19.Ne2 Bc5 20.Ng3 g6 21.Re2 Qc7 22.Qd2 a5
23.c3 Kg7 24.Nf5+ Kh8 25.Qh6 Rg8 26.Qg5 Qd8 27.Nh6 Rf8 28.Re8 Rxe8 29.Nxf7+ Kg7
30.Nxd8 Rxd8 31.c4 h6 32.Qd2 Rd7 33.cxd5 Bxd5 34.Bxd5 Rxd5 35.Qe2 Rf5 36.Rf1 Rf4
37.Qe5 g5 38.Qc7+ Kg6 39.Qc6 g4 40.Kh1 h5 41.f3 h4 42.g3 hxg3 43.hxg3 Rf5
44.Kg2  1-0

[Event "19th Open"]
[Site "Reykjavik ISL"]
[Date "2000.04.10"]
[Round "6"]
[White "Schulz,M1"]
[Black "Conquest,S"]
[Result "0-1"]
[WhiteElo "2224"]
[BlackElo "2563"]

1.e4 d6 2.d4 Nf6 3.Nc3 c6 4.f4 Qa5 5.Bd3 e5 6.dxe5 dxe5 7.f5 b5 8.Bd2 b4
9.Nce2 Qb6 10.Ng3 Bc5 11.Nh3 Nbd7 12.Qe2 a5 13.Nf1 Ba6 14.g4 h5 15.g5 Ng4
16.g6 fxg6 17.fxg6 Bxd3 18.cxd3 Rf8 19.O-O-O b3 20.a4 Bd4 21.Kb1 c5 22.Bg5 Qb4
23.Nd2 Nb6 24.Rhf1 Qxa4 25.Kc1 Bxb2+  0-1

[Event "Women's Open"]
[Site "St Petersburg RUS"]
[Date "2000.04.14"]
[Round "8"]
[White "Savushkina,N"]
[Black "Skripova,T"]
[Result "1-0"]
[WhiteElo "2077"]
[BlackElo "2143"]

1.e4 d6 2.d4 Nf6 3.Nc3 c6 4.Be3 Nbd7 5.f3 e5 6.Qd2 Be7 7.O-O-O O-O 8.h4 b5
9.g4 b4 10.Nce2 Qa5 11.Kb1 Nb6 12.Nc1 exd4 13.Bxd4 c5 14.Nb3 Qa4 15.e5 dxe5
16.Bxc5 Bxc5 17.Nxc5 Qc6 18.Qd6 Bb7 19.Nxb7 Qxb7 20.Rh2 Nbd5 21.Ba6 Qb8 22.Qxb8 Raxb8
23.Kc1 Rb6 24.Bd3 Nf4 25.Bc4 Ne6 26.Re2 Rc8 27.b3 e4 28.g5 exf3 29.Nxf3 Ne8
30.Red2 N8c7 31.Rd7 Rf8 32.Ne5 Nb5 33.Rf1 Nd6 34.Bxe6 fxe6 35.Rxf8+ Kxf8
36.Rxa7 Rb5 37.Ra8+ Ke7 38.Ra7+ Kf8 39.Ra8+ Ke7 40.Nc6+ Kd7 41.Nd4 Rd5 42.Ra7+ Kc8
43.Nxe6 Ne4 44.Rc7+ Kb8 45.Rc4 Nc3 46.Rxb4+ Ka7 47.Rc4  1-0

[Event "XXXI Open"]
[Site "Mar del Plata ARG"]
[Date "2000.04.16"]
[Round "2"]
[White "Bibiloni,J"]
[Black "Tempone,M"]
[Result "0-1"]
[WhiteElo "2211"]
[BlackElo "2443"]

1.e4 d6 2.d4 Nf6 3.Nc3 Nbd7 4.Nf3 e5 5.dxe5 dxe5 6.Bc4 Bc5 7.O-O O-O 8.Qe2 c6
9.Bg5 b5 10.Bd3 a6 11.a4 Bb7 12.axb5 cxb5 13.Nd5 Bxd5 14.exd5 Re8 15.Be4 Qb6
16.Rad1 Qd6 17.h3 Bb6 18.c3 g6 19.Nh2 Nxe4 20.Qxe4 f5 21.Qh4 Bc7 22.Rfe1 e4
23.Nf1 Nc5 24.Qg3 Nd3 25.Qxd6 Bxd6 26.Re2 Re5 27.Bf6 Rxd5 28.Ne3 Rc5 29.Bd4 Rc6
30.Nd5 Kf7 31.f3 exf3 32.gxf3 Nf4 33.Nxf4 Bxf4 34.Bf2 Rd6 35.Rde1 Bg5 36.Bc5 Rd5
37.Bd4 Bh4 38.Bf2 Bxf2+ 39.Kxf2 Ra7 40.Kg3 Rd6 41.h4 Rad7 42.Re8 Rd2 43.Rh8 Kg7
44.Ra8 Rxb2 45.Rxa6 Rb3 46.Rb6 Rc7 47.Re3 Kh6 48.Rd3 Kh5 49.Rb8 Rc4 50.Rb7 h6
51.Rb6 Rxh4 52.Rdd6 Rb2 53.Rd4 Rhh2 54.Rxb5 Rxb5 55.Kxh2 g5 56.Rd2 Rc5 57.Rc2 Rc4
58.Kg3 Kg6 59.Kf2 h5 60.Ke3 h4 61.Kd3 Rc8 62.Rh2 Kh5 63.Kd4 Re8 64.c4 g4
65.c5 h3 66.c6 Kh4 67.c7 Rc8 68.fxg4 fxg4 69.Rc2 g3 70.Ke3 h2 71.Rc4+ Kh3
72.Rc1 g2  0-1

[Event "XVIII Open"]
[Site "Metz FRA"]
[Date "2000.04.16"]
[Round "2"]
[White "Jaenig,R"]
[Black "Bauer,Ch"]
[Result "0-1"]
[WhiteElo "2097"]
[BlackElo "2517"]

1.e4 d6 2.d4 Nf6 3.Nc3 Nbd7 4.f4 e5 5.Nf3 exd4 6.Qxd4 c6 7.e5 dxe5 8.fxe5 Bc5
9.Qh4 Qe7 10.Bf4 Bb4 11.Bc4 Ne4 12.Qxe7+ Kxe7 13.a3 Bxc3+ 14.bxc3 Nb6 15.Bd3 Nd5
16.Bc1 Ndxc3 17.a4 Nc5 18.Ba3 Nxa4 19.O-O Ke8 20.Ng5 Be6 21.Bxh7 a5 22.Bf5 Bd5
23.e6 f6 24.Nf7 Rh4 25.Nd6+ Kd8 26.c4 Bxe6 27.Nxb7+ Nxb7 28.Bxe6 Nac5 29.Bf5 Rxc4
30.Rfe1 Rd4 31.Bg6 Kd7 32.Bf5+ Kd8 33.Bg6 Kc7 34.Re7+ Rd7 35.Rae1 Rd8 36.Bf5 Kb6
37.Bxd7 Nxd7 38.Rd1 Kc7 39.Rxg7 c5 40.Bb2 Kc6 41.Rf7 Nd6 42.Re7 c4 43.Re6 Nc5
44.Rxf6 Nd3 45.Ba3 Kd5 46.h4 Ne4 47.Rf5+ Kd4 48.Rxa5 Rh8 49.h5 Kc3 50.Rf1 Kd2
51.Bf8 c3 52.Bg7 Rh7 53.h6 c2 54.Ra2 Nc1 55.Rb2 Nd3 56.Rb3 Ng3 57.Rxd3+ Kxd3
58.Rf3+ Kd2 59.Bb2 Ne2+ 60.Kf2 Rxh6 61.Rf8 Nc1 62.Rd8+ Nd3+ 63.Kf3 Re6 64.g4 Re3+
65.Kg2 Ke1 66.Rc8 Re2+ 67.Kg3 Nxb2 68.g5 Kd2 69.Kf4 Nd3+ 70.Kf5 Re5+ 71.Kf6 Rc5  0-1

[Event "Schloss Open"]
[Site "Werther GER"]
[Date "2000.04.16"]
[Round "5"]
[White "Cohrs,C"]
[Black "Chapman,Al"]
[Result "1-0"]
[WhiteElo "2213"]
[BlackElo "2009"]

1.d4 d6 2.e4 Nf6 3.Nc3 c6 4.Nf3 Bg4 5.h3 Bxf3 6.Qxf3 e5 7.Be3 Nbd7 8.O-O-O Qa5
9.g4 d5 10.dxe5 dxe4 11.Nxe4 Nxe4 12.Qxe4 Qxa2 13.Bc4 Qa1+ 14.Kd2 Qxb2 15.Ke2 Qxe5
16.Bxf7+ Kxf7 17.Rxd7+ Ke6 18.Qd3 Bc5 19.Rxg7 Be7 20.Qf5+ Qxf5 21.gxf5+ Kf6
22.Bd4+ Kxf5 23.Rxe7 Rhe8 24.Rxe8 Rxe8+ 25.Kf3 b6 26.Rg1 c5 27.Be3 Kf6 28.Rd1 Ke6
29.Bf4 Ra8 30.Rd6+ Ke7 31.Rh6 a5 32.Rxh7+ Ke6 33.Ke4 b5 34.Rh6+ Kf7 35.Rc6 a4
36.Rxc5 a3 37.Be5 Ra4+ 38.Kf5 Rh4 39.Rxb5 Rxh3 40.Rb7+ Ke8 41.Ke6  1-0

[Event "ch-FAI"]
[Site "Oyrabakki FAI"]
[Date "2000.04.17"]
[Round "3"]
[White "Nolsoe,E"]
[Black "Nolsoe,R"]
[Result "1-0"]
[WhiteElo "2178"]
[BlackElo "2200"]

1.e4 d6 2.d4 Nf6 3.Nc3 c6 4.Bg5 Nbd7 5.Nf3 Qa5 6.Qd2 h6 7.Bh4 g5 8.Bg3 Nh5
9.Be2 Nxg3 10.hxg3 Bg7 11.O-O O-O 12.Nd5 Qd8 13.Ne3 e6 14.Bd3 Qc7 15.c3 e5
16.Nf5 Nb6 17.Nxg7 Kxg7 18.Rae1 f6 19.Nh2 Be6 20.b3 Rae8 21.f4 Bg8 22.Nf3 Qd8
23.c4 Qe7 24.c5 Nd7 25.b4 a6 26.Bb1 Bh7 27.dxe5 dxe5 28.Rd1 Nb8 29.fxe5 fxe5
30.Qc3 g4 31.Nh4 Rxf1+ 32.Rxf1 Rf8 33.Rd1 Nd7 34.Rd6 Rf6 35.Qd2 Rxd6 36.cxd6 Qf6
37.a3 Kf8 38.Qd3 Ke8 39.Ba2 Nf8 40.a4 Kd7 41.b5 axb5 42.axb5 Qxd6 43.bxc6+ bxc6
44.Qe2 h5 45.Kh2 Ne6 46.Qf2 Ng5 47.Nf5 Qa3 48.Qd2+ Kc7 49.Qxg5 Bxf5 50.exf5 Qxa2
51.Qe7+ Kb6 52.f6 Qf2 53.f7 h4 54.Qb4+ Kc7 55.f8=Q hxg3+ 56.Kh1  1-0

[Event "zt 1.2"]
[Site "Pula CRO"]
[Date "2000.04.19"]
[Round "8"]
[White "Hertneck,G"]
[Black "Dizdarevic,E"]
[Result "0-1"]
[WhiteElo "2571"]
[BlackElo "2520"]

1.d4 d6 2.e4 Nf6 3.Nc3 c6 4.a4 Nbd7 5.g4 h6 6.h3 e5 7.Nge2 Be7 8.Be3 Nf8
9.Ng3 Ng6 10.Nf5 Bxf5 11.gxf5 Nh4 12.Qe2 Nd7 13.f4 Bf6 14.O-O-O Qe7 15.fxe5 dxe5
16.d5 Bg5 17.Bxg5 Qxg5+ 18.Kb1 Nf6 19.dxc6 bxc6 20.Qf2 O-O 21.Bc4 Qf4 22.Qxf4 exf4
23.e5 Nh5 24.e6 Nxf5 25.exf7+ Kh8 26.Be6 Nhg3 27.Rh2 g5 28.a5 Nh4 29.Na4 Nf3
30.Rf2 Ne5 31.Nc5 Nxf7 32.Nd7 Rad8 33.Rd3 Rfe8 34.Bxf7 Re7 35.Rfd2 Ne4 36.Re2 Rdxd7
37.Rxe4 Rxf7 38.Rf3 Rfe7 39.Rc4 Re6 40.b4 Kg7 41.Kb2 Kf6 42.Kc3 Rd5 43.Rd4 Rxd4
44.Kxd4 Kf5 45.c4 h5 46.b5 g4 47.hxg4+ hxg4 48.Rb3 g3 49.b6 g2 50.Rb1 axb6
51.axb6 f3 52.b7 Re8 53.Kc5 f2 54.b8=Q Rxb8 55.Rxb8 g1=Q 56.Rf8+ Ke6 57.Kxc6 f1=Q
58.Rxf1 Qxf1 59.c5 Qa6+  0-1

[Event "ch-URU"]
[Site "Montevideo URU"]
[Date "2000.04.20"]
[Round "6"]
[White "Genta,A"]
[Black "Belistri,U"]
[Result "1-0"]
[WhiteElo "2188"]
[BlackElo "2091"]

1.e4 d6 2.d4 Nf6 3.Nc3 c6 4.f4 b5 5.e5 dxe5 6.fxe5 Nd5 7.Nxd5 Qxd5 8.Nf3 e6
9.Bd3 Be7 10.O-O Qd8 11.Qe1 Nd7 12.Qg3 O-O 13.Bh6 g6 14.Ng5 Qb6 15.c3 Bb7
16.Nxe6 c5 17.Nxf8 Nxf8 18.Qf4 Bd5 19.Be4 Qc6 20.Qxf7+  1-0

[Event "ch-FAI"]
[Site "Oyrabakki FAI"]
[Date "2000.04.20"]
[Round "7"]
[White "Brekka,M"]
[Black "Nolsoe,R"]
[Result "1-0"]
[WhiteElo "2155"]
[BlackElo "2200"]

1.e4 d6 2.Nc3 Nf6 3.d4 c6 4.Nf3 Bg4 5.Be3 e6 6.Be2 Be7 7.Nd2 Bxe2 8.Qxe2 O-O
9.f4 d5 10.e5 Nfd7 11.Nd1 c5 12.c3 cxd4 13.cxd4 Nc6 14.O-O Qb6 15.Nf3 Rac8
16.Nc3 Na5 17.Rad1 Nc4 18.Bc1 g6 19.g4 Rc6 20.f5 Rfc8 21.h4 Bb4 22.Rd3 Nxb2
23.Bxb2 Bxc3 24.Bxc3 Rxc3 25.Rxc3 Rxc3 26.Qd2 Rc8 27.f6 Kf8 28.Qe3 Qb2 29.Ng5 Rc6
30.Nxh7+ Ke8 31.Rf2 Rc1+ 32.Kg2 Qa1 33.Ng5 Rg1+ 34.Kh3 Rh1+ 35.Kg3 Qg1+ 36.Kf3 Rxh4
37.Rg2 Qd1+ 38.Kf2 Nb6 39.Nf3 Nc4 40.Qc3 Rh1 41.Kg3 a5 42.Qb3 Qxb3 43.axb3 Nb6
44.Ra2 Rb1 45.Rxa5 Rxb3 46.Ra7 Nc4 47.Kf4 Ne3 48.Nh4 Nc2 49.Ra8+ Kd7 50.Rf8 Nxd4
51.Rxf7+ Ke8 52.Re7+ Kd8 53.Nxg6 Rf3+ 54.Kg5 Rf1 55.Rxb7 Nf3+ 56.Kh6 Nxe5
57.Nxe5 Rxf6+ 58.Kh7 Ke8 59.Rf7 Rxf7+ 60.Nxf7 Kxf7 61.g5 d4 62.g6+ Kf6 63.g7 Kf5
64.g8=Q e5 65.Qg6+ Kf4 66.Qd3 e4 67.Qxd4 Kf3 68.Qd1+ Kf2 69.Qc2+ Kf3 70.Qd2 e3
71.Qe1  1-0

[Event "XVIII Open"]
[Site "Metz FRA"]
[Date "2000.04.21"]
[Round "7"]
[White "Aleksieva,S"]
[Black "Galdunts,S"]
[Result "0-1"]
[WhiteElo "2325"]
[BlackElo "2473"]

1.e4 d6 2.d4 Nf6 3.Nc3 Nbd7 4.Nf3 e5 5.Bc4 Be7 6.O-O O-O 7.h3 c6 8.dxe5 dxe5
9.a4 Qc7 10.Nh2 Nc5 11.Qf3 Ne6 12.Ne2 b5 13.Bd3 c5 14.c3 c4 15.Bc2 bxa4 16.Ng3 Nc5
17.Nf5 Bxf5 18.Qxf5 g6 19.Qf3 Rab8 20.Ra2 Rfd8 21.Bg5 Rb6 22.Qe2 Nd3 23.Bxa4 Rdb8
24.Bxf6 Bxf6 25.Rb1 Bg5 26.Qc2 Qc5 27.Nf3 Nxf2 28.Kh2 Bf4+ 29.g3 Qe3 30.Kg2 Bxg3
31.Kxg3 Nxe4+ 32.Kg2 Qf4 33.Rf1 Qg3+ 34.Kh1 Qxh3+ 35.Kg1 Qg4+ 36.Qg2 Qxg2+
37.Kxg2 Rxb2+ 38.Rxb2 Rxb2+ 39.Kh3 Nxc3 40.Bc6 f6 41.Ra1 Ne2 42.Bd5+ Kh8
43.Bxc4 Nf4+ 44.Kh4 Rg2  0-1

[Event "zt 1.2"]
[Site "Pula CRO"]
[Date "2000.04.22"]
[Round "11"]
[White "Kutuzovic,B"]
[Black "Gabriel,Ch"]
[Result "0-1"]
[WhiteElo "2432"]
[BlackElo "2564"]

1.e4 d6 2.d4 Nf6 3.Nc3 c6 4.f3 Nbd7 5.Be3 e5 6.Nge2 Be7 7.Qd2 O-O 8.g4 b5
9.g5 Ne8 10.d5 b4 11.Nd1 cxd5 12.exd5 f5 13.gxf6 Rxf6 14.Ng3 Rxf3 15.Be2 Rf7
16.Qxb4 Ndf6 17.Nc3 Bh3 18.O-O-O Rb8 19.Qa3 a5 20.Rhg1 Rb4 21.Bd2 Qb8 22.Nce4 Nxe4
23.Nxe4 Rxe4 24.Bh5 Qc8 25.Bxf7+ Kxf7 26.Rg3 Bf5 27.Rc3 Qa6 28.Rc6 Qb5 29.Qxa5 Qe2
30.b3 Rd4 31.a4 h6 32.Re1 Qg2 33.Be3 Rxd5 34.Qb6 Rc5 35.Rxc5 dxc5 36.Bd2 Nf6
37.Rxe5 Qg1+ 38.Be1 Bd7 39.Kb2 Ng4 40.Rxe7+ Kxe7 41.Bb4 Qd4+ 42.Bc3 Qd6 43.Qxd6+ Kxd6
44.Bxg7 h5 45.h4 Bf5 46.c4 Nf2 47.Kc3 Nd3 48.Bf8+ Kc6 49.Be7 Nb4 50.Bf8 Bc2
51.Be7 Bd1 52.Bf8 Kb6 53.Be7 Nc6 54.Bd6 Bg4 55.Bf8 Bf3 56.Bd6 Bd1 57.Bf8 Na5
58.b4 cxb4+ 59.Kxb4 Nc6+ 60.Ka3 Be2 61.c5+ Kb7 62.Bg7 Nb8 63.Kb4 Na6+ 64.Ka5 Nxc5
65.Bf8 Ne6 66.Bh6 Nd4 67.Kb4 Nf3  0-1

[Event "12th Open"]
[Site "Lenk SUI"]
[Date "2000.04.23"]
[Round "6"]
[White "Suetin,A"]
[Black "Varga,Zo"]
[Result "0-1"]
[WhiteElo "2361"]
[BlackElo "2530"]

1.e4 d6 2.d4 Nf6 3.Nc3 e5 4.Nf3 Nbd7 5.Bc4 Be7 6.O-O O-O 7.Re1 c6 8.a4 b6
9.d5 cxd5 10.Nxd5 Bb7 11.Re2 Rc8 12.Bb3 Nc5 13.Nxf6+ Bxf6 14.Bd5 Qd7 15.b3 Rfd8
16.Bg5 Bxg5 17.Nxg5 Bxd5 18.Qxd5 h6 19.Nf3 Ne6 20.Qd1 Nf4 21.Re3 f5 22.Ne1 fxe4
23.Rxe4 Qf5 24.Re3 Rf8 25.h3 d5 26.Qg4 Qf6 27.Rd1 h5 28.Qg3 d4 29.Re4 Qf5
30.f3 Qxe4 31.fxe4 Ne2+ 32.Kh2 Nxg3 33.Kxg3 Rf1  0-1

[Event "XVIII Open"]
[Site "Metz FRA"]
[Date "2000.04.23"]
[Round "9"]
[White "Vreeken,C"]
[Black "Gros,P"]
[Result "1-0"]
[WhiteElo "2087"]
[BlackElo "2015"]

1.e4 d6 2.d4 Nf6 3.Nc3 c6 4.g3 Qa5 5.Bg2 e5 6.Ne2 Be7 7.h3 O-O 8.O-O b5 9.Be3 Nbd7
10.a3 Qc7 11.f4 a5 12.g4 Ba6 13.Ng3 Ne8 14.Nf5 Bd8 15.Qf3 Rb8 16.Rfd1 b4
17.axb4 axb4 18.Rxa6 bxc3 19.bxc3 Rb2 20.dxe5 Nc5 21.exd6  1-0

[Event "4NCL"]
[Site "Birmingham ENG"]
[Date "2000.04.29"]
[Round "9"]
[White "Ledger,D"]
[Black "Wade,R"]
[Result "1/2-1/2"]
[WhiteElo "2285"]
[BlackElo "2204"]

1.e4 d6 2.d4 Nf6 3.Nc3 c6 4.f4 Qa5 5.e5 Ne4 6.Qf3 Nxc3 7.Bd2 Qd5 8.Bxc3 Bf5
9.Qxd5 cxd5 10.O-O-O Nc6 11.Ne2 e6 12.Ng3 Bg6 13.Bd3 dxe5 14.dxe5 Bb4 15.Be1 Bc5
16.Rf1 O-O 17.h4 f5 18.exf6 Rxf6 19.Bxg6 hxg6 20.Ne2 Be3+ 21.Bd2 Bxd2+ 22.Rxd2 Rc8
23.Re1 e5 24.fxe5 Nxe5 25.Nc3 Nc4 26.Nxd5 Nxd2 27.Ne7+ Kh7 28.Nxc8 Rf2 29.g3 Nf3
30.Rd1 Rg2 31.Nd6 Rxg3 32.Nxb7 Rg4 33.Nd6 Rxh4 34.c4 Ne5 35.b3 g5 36.Rd5 Rh1+
37.Kd2 Nc6 38.Rc5 Nd4 39.Ke3 Ne6 40.Ra5 Rd1 41.Nf5 Rd7 42.b4 g4 43.Re5 g6
44.Ng3 Nd4 45.b5 Nc2+ 46.Kf4 Na3 47.Ne4 Kh6 48.c5 Nxb5 49.Kxg4 Rd4 50.Kf4 Ra4
51.c6 a6 52.Rxb5 axb5 53.Ke5 Rxa2 54.c7 Rc2 55.Kd6 Rxc7 56.Kxc7 b4 57.Kd6 b3
58.Nd2 b2 59.Ke5 Kg5 60.Ke4 Kg4 61.Kd3  1/2-1/2

[Event "Open"]
[Site "Dubai UAE"]
[Date "2000.04.29"]
[Round "2"]
[White "Alya,H"]
[Black "Hamed,Ah"]
[Result "1/2-1/2"]
[WhiteElo "2134"]
[BlackElo "2344"]

1.e4 d6 2.d4 Nf6 3.Nc3 c6 4.Nf3 g6 5.Be2 Bg7 6.O-O O-O 7.h3 Qc7 8.Be3 Nbd7
9.Qd2 b5 10.a3 Bb7 11.Bh6 e5  1/2-1/2

[Event "Open"]
[Site "Dubai UAE"]
[Date "2000.05.01"]
[Round "4"]
[White "Nenashev,A"]
[Black "Ermenkov,E"]
[Result "1/2-1/2"]
[WhiteElo "2600"]
[BlackElo "2449"]

1.d4 d6 2.e4 Nf6 3.Nc3 Nbd7 4.f4 e5 5.Nf3 c6 6.dxe5 dxe5 7.fxe5 Ng4 8.Bf4 Bc5
9.Bc4 Qe7 10.e6 fxe6 11.Bg5 Qf7 12.Rf1 Qg6 13.Qd2 h6 14.Bf4 e5 15.Bg3 Ne3
16.Nh4 Nxf1 17.Nxg6 Nxd2 18.Kxd2 Rf8 19.Nxf8 Bxf8 20.Rf1  1/2-1/2

[Event "Open"]
[Site "Dubai UAE"]
[Date "2000.05.02"]
[Round "5"]
[White "Abdul,M"]
[Black "Alsharhan,F"]
[Result "1-0"]
[WhiteElo "2275"]
[BlackElo "2111"]

1.e4 d6 2.d4 Nf6 3.Nc3 c6 4.Nf3 Bg4 5.Be2 Nbd7 6.O-O e5 7.a4 a5 8.Bg5 Be7
9.h3 Bh5 10.Nh4 Bxe2 11.Qxe2 exd4 12.Nf5 dxc3 13.Nxg7+ Kf8 14.Bh6 Kg8 15.Ra3 Bf8
16.Rxc3 Bxg7 17.Rg3 Ne8 18.Bxg7 Nxg7 19.Qg4 Qf6 20.Qxd7 Rd8 21.Qxb7 Kf8 22.Rf3 Qe7
23.Qxc6 Ne6 24.Qc3 Rg8 25.Qxa5 Nd4 26.Rd3 Ne2+ 27.Kh2 Rc8 28.Qd2 Qxe4 29.g3 Rxc2
30.Qxc2 Nf4 31.Qc8+ Kg7 32.Qc3+ Kf8 33.Rf3 Ng6 34.Qf6 Ne5 35.Qxd6+ Kg7 36.Qf6+ Kf8
37.Re3  1-0

[Event "3rd Open"]
[Site "Tanta City EGY"]
[Date "2000.05.05"]
[Round "3"]
[White "Hassan,Say"]
[Black "Kernazhitsky,L"]
[Result "1-0"]
[WhiteElo "2397"]
[BlackElo "2444"]

1.e4 d6 2.d4 Nf6 3.Nc3 e5 4.Nf3 Nbd7 5.Bc4 Be7 6.O-O O-O 7.Re1 c6 8.a4 h6
9.Ba2 a5 10.h3 Nh7 11.Ne2 Ng5 12.Nxg5 hxg5 13.c3 g6 14.Ng3 Kg7 15.Qd3 Rh8
16.f3 Bf6 17.Be3 Nf8 18.d5 c5 19.Qd2 Bd7 20.Bc4 Qe8 21.b4 Bxa4 22.bxc5 dxc5
23.Bxg5 b5 24.Ba2 Qd8 25.Bxf6+ Qxf6 26.Reb1 Nh7 27.Qe3 Ng5 28.Kf2 Rh7 29.Bb3 Bxb3
30.Rxb3 Rah8 31.Rxb5 Nxh3+ 32.gxh3 Rxh3 33.Rg1 Qh4 34.Rxc5 Rh2+ 35.Ke1 Rh1
36.Qf2 Rxg1+ 37.Qxg1 Rh5 38.Qf2 Rh8 39.Rc8 a4 40.Rxh8 Kxh8 41.Nf1 Qh6 42.Kd1 a3
43.Kc2 a2 44.Kb2 Qc1+ 45.Kxa2 Qxc3 46.Nd2 Qc2+ 47.Ka3 Kg7 48.Qe3 Qc1+ 49.Kb4 Qb2+
50.Nb3 Qb1 51.d6 Qd1 52.Qd2 Qxf3 53.d7 Qxe4+ 54.Kc3  1-0

[Event "FSFM May"]
[Site "Budapest HUN"]
[Date "2000.05.07"]
[Round "2"]
[White "Dombai,I"]
[Black "Szirmai,Ed"]
[Result "1-0"]
[WhiteElo "2128"]
[BlackElo "2204"]

1.e4 d6 2.d4 Nf6 3.Nc3 c6 4.Nf3 Bg4 5.h3 Bh5 6.g4 Bg6 7.Qe2 e6 8.e5 Nfd7
9.h4 h5 10.g5 d5 11.a3 Nb6 12.Bh3 N8d7 13.O-O Be7 14.Nd2 c5 15.Nf3 a6 16.dxc5 Nxc5
17.Nd4 Ne4 18.Nxe4 dxe4 19.Rd1 Qc7 20.Bf4 Bc5 21.Bg2 O-O-O 22.c3 Nd5 23.Bg3 e3
24.fxe3 Ne7 25.b4 Ba7 26.c4 Bf5 27.Rac1 Bg4 28.Bf3 Nf5 29.Nxf5 Bxf5 30.c5 f6
31.c6 b5 32.Rd7 Qb6 33.exf6 Qxe3+ 34.Kh2 Rxd7 35.cxd7+ Kxd7 36.Rc7+ Kd8 37.Qxe3  1-0

[Event "Open"]
[Site "Dubai UAE"]
[Date "2000.05.07"]
[Round "9"]
[White "Kusnetsov,K"]
[Black "Abdul,M"]
[Result "0-1"]
[WhiteElo "2245"]
[BlackElo "2275"]

1.e4 d6 2.d4 Nf6 3.Nc3 Nbd7 4.Bg5 e5 5.dxe5 dxe5 6.Nd5 c6 7.Nxf6+ Nxf6 8.Qxd8+ Kxd8
9.Bc4 Be6 10.Bxe6 fxe6 11.f4 exf4 12.O-O-O+ Ke8 13.Nf3 Bc5 14.Bxf4 Rd8 15.Rxd8+ Kxd8
16.Rd1+ Ke7 17.e5 Nd5 18.Bg5+ Kf7 19.c4 Nb6 20.b3 Be7 21.Rf1 Re8 22.a4 Nd7
23.Kc2 Bxg5 24.Nxg5+ Kg6 25.Nf3 a5 26.Kc3 Nc5 27.g3 Rd8 28.Nh4+ Kh6 29.Rf3 Ne4+
30.Kc2 Rd2+ 31.Kc1 Rxh2 32.Re3 Nxg3 33.Nf3 Rh1+ 34.Kc2 Nf5 35.Rd3 Rf1 36.Nd2 Re1
37.Rh3+ Kg6 38.Nf3 Re3 39.Kd2 Re4 40.Kd3 Rg4 41.Rh2 h5 42.Nd2 Rd4+ 43.Kc3 c5
44.Re2 Rf4 45.Ne4 Rf3+ 46.Kd2 b6 47.Nd6 Nd4 48.Rg2+ Kh6 49.Nc8 Rxb3  0-1

[Event "Japfa Open"]
[Site "Bali INA"]
[Date "2000.05.08"]
[Round "6"]
[White "Barua,D"]
[Black "Juswanto,D"]
[Result "0-1"]
[WhiteElo "2555"]
[BlackElo "2483"]

1.e4 d6 2.d4 Nf6 3.Nc3 e5 4.dxe5 dxe5 5.Qxd8+ Kxd8 6.Nf3 Bd6 7.Ng5 Ke7 8.Bc4 Rf8
9.f4 exf4 10.e5 Bxe5 11.O-O Be6 12.Nxe6 fxe6 13.Bxf4 Bxf4 14.Rxf4 Nbd7 15.Re1 e5
16.Rh4 c6 17.Ne4 Nxe4 18.Rexe4 Rh8 19.Reg4 g6 20.a4 a5 21.Rg3 Raf8 22.Rh6 Kf6
23.Re3 Kg7 24.Rh4 Re8 25.Be2 Re7 26.Rc4 Rd8 27.Bf3 Rde8 28.Rb3 Nf6 29.Rc5 e4
30.Be2 Rd8 31.Rxa5 Rd2 32.Kf1 Rxc2 33.Ra7 e3 34.g3 Re5 35.Rbxb7+ Kh6 36.g4 Re4
37.h4 Rf4+ 38.Ke1 Rc1+ 39.Bd1 Rxg4 40.Ke2 Rg2+ 41.Kf3 Rxd1 42.Kxg2 e2 43.Re7 e1=Q
44.Rxe1 Rxe1 45.Rb7 Re4 46.a5 Ra4  0-1

[Event "New York Open"]
[Site "New York USA"]
[Date "2000.05.10"]
[Round "8"]
[White "Koenig,Da"]
[Black "Gonzales,Jay"]
[Result "1-0"]
[WhiteElo "2236"]
[BlackElo "2411"]

1.e4 d6 2.Nc3 c6 3.d4 Nf6 4.f4 Qa5 5.Bd3 e5 6.dxe5 dxe5 7.f5 b5 8.Qe2 Na6
9.Nf3 b4 10.Nd1 b3+ 11.Bd2 Qxa2 12.Rxa2 bxa2 13.Bxa6 a1=Q 14.Bxc8 Rxc8 15.Qc4 Bd6
16.O-O O-O 17.Bc3 Qc1 18.Nd2 Qxc2 19.Ne3 Bc5 20.Qxc5 Qd3 21.Nec4 Nd7 22.Qxa7 Ra8
23.Qc7 Rfc8 24.Qd6 Qxd6 25.Nxd6 Rc7 26.f6 Nxf6 27.Bxe5 Ng4 28.Bf4 Rca7 29.h3 Nf6
30.Be5 Nd7 31.Bc3 Ra1 32.Nf5 Rxf1+ 33.Kxf1 f6 34.Ne7+ Kf7 35.Nxc6 Nc5 36.Ke2 Ke6
37.Ke3 Ra1 38.Nd4+ Kd7 39.N2b3 Nxb3 40.Nxb3 Rb1 41.Nd4 Rg1 42.Kf2 Rc1 43.Nf5 g6
44.Ne3 Ke6 45.Ke2 Rb1 46.Kf2 Rc1 47.g4  1-0